00477nam a22001577a 450000500170000000800410001702000150005804100130007308200150008610000270010124500670012825000190019526000470021430000320026165000260029320231101084435.0231101b |||||||| |||| 00| 0 eng d a0702145874 aEnglish  a346.7 KER  aKernick, LA lEnglish  aAdministration of Estates and Drafting of Wills /cLA Kernick  aThird Edition  aCape Town : bJuta and Company Ltd, c1998 bvii, 346 pages ;c25, 5 cm. aLegal practice bLaw